| 000 | 00610nam a22001577a 4500 | ||
|---|---|---|---|
| 003 | OSt | ||
| 005 | 20151004105914.0 | ||
| 008 | 151004b xxu||||| |||| 00| 0 eng d | ||
| 040 | _cRUA | ||
| 082 | _aAVM យន់ 1989 B065 Or.1 | ||
| 100 |
_92003 _aយន់ ហ៊ាង |
||
| 245 | _aជំងឺសួតនិង ទងសួតកូនជ្រូកនិងវិធានការណ៍ព្យាបាលដោយប៉េនេស៊ីលីនក្នុងស្ថានភាពកសិដ្ឋាន | ||
| 260 |
_aPhnom Penh _bRUA _c1989 |
||
| 300 |
_a84p. _bill. _c29cm. |
||
| 942 |
_2ddc _cAVM |
||
| 999 |
_c1893 _d1893 |
||